| 000 | 00514nam a22001457a 4500 | ||
|---|---|---|---|
| 999 |
_c60516 _d60516 |
||
| 005 | 20230810135041.0 | ||
| 008 | 230810s1972 xxu||||| |||| 00| 0 d | ||
| 080 | _a902/904(084.1) P-74 | ||
| 100 |
_aPlesnigar-Gec Ljudmila _919656 |
||
| 245 |
_aSeverno emonsko robisce the northern necropolis of emona / _c Ljudmila Plesnigar-Gec. |
||
| 264 |
_aLjubjana, _c1972. |
||
| 300 |
_a272 p. : _bill.; _c35 cm. |
||
| 653 | _aემონას ჩრდილოეთი ნეკროპოლისი | ||
| 942 |
_2udc _cBK |
||